Riadenie prístupu používateľov na základe organizačnej štruktúry a systému rolí

Guardado en:
Detalles Bibliográficos
Autor principal: Kováčik, Jakub (Autor)
Otros Autores: Juhás, Gabriel (Orientador)
Formato: Manuscrito Libro
Lenguaje:eslovaco
Publicado: 2018
Materias:
Acceso en línea:http://is.stuba.sk/zp/portal_zp.pl?podrobnosti=124194
Etiquetas: Agregar Etiqueta
Sin Etiquetas, Sea el primero en etiquetar este registro!

MARC

LEADER 00000ntm a22000003a 4500
001 stuzp68257
003 SK-STU
005 20181121134322.6
007 ta
008 150427s2015----xo-----f-mn---000-0-slo-d
040 |a STU  |b slo 
041 0 |a slo 
044 |a xo 
100 1 |a Kováčik, Jakub  |u 035000  |4 aut  |U FEI Fakulta elektrotechniky a informatiky  |T FEI Ústav informatiky a matematiky  |X 80750  |U E050  |Y 816  |7 80750 
242 0 1 |a User access control based on organizational structure and role system  |y eng 
245 1 0 |a Riadenie prístupu používateľov na základe organizačnej štruktúry a systému rolí 
260 |c 2018 
300 |a 31 s. 
650 4 |a prístup používateľa  |2 slo 
650 4 |a workflow manažment  |2 slo 
650 4 |a systém rolí  |2 slo 
650 4 |a user access  |2 eng 
650 4 |a workflow management  |2 eng 
650 4 |a role system  |2 eng 
700 1 |a Juhás, Gabriel  |u 035000  |k Z1  |4 ths  |U FEI Fakulta elektrotechniky a informatiky  |T FEI Ústav informatiky a matematiky  |X 4971  |U E050  |Y 816  |7 A000004971 
856 4 |u http://is.stuba.sk/zp/portal_zp.pl?podrobnosti=124194 
996 |b 284ER02725  |c E*Bc- 2725  |l EE35  |s P  |a 0  |w stuzp68257_0001